LEADER 01359nam1 2200385 450 001 990003133900203316 005 20080730095435.0 035 $a000313390 035 $aUSA01000313390 035 $a(ALEPH)000313390USA01 035 $a000313390 100 $a20080730d--------km-y0itay50------ba 101 $afre 102 $aIT 105 $a||||||||001yy 200 1 $aMission archéologique française à Carthage 210 $aRoma$cÉcole française de Rome 215 $av.$d28 cm. 225 2 $aCollection de l'École française de Rome 300 $aIn testa al front.: Recherches d'archéologie africaine publiées par l'Institut national d'archéologie et d'art de Tunis 410 0$12001$aCollection de l'École française de Rome 454 1$12001 461 1$1001-------$12001 463 \1$1001990003133920203316$12001 $aByrsa 3.$erapport sur les campagnes de fouilles de 1977 à 1980$ela basilique orientale et ses abords 606 0 $aScavi archeologici$yCartagine 676 $a939.73 712 02$aInstitut national d' archéologie et d' art 801 0$aIT$bsalbc$gISBD 912 $a990003133900203316 951 $aS VII a 23/$bDLM$cS VII a 959 $aBK 969 $aDILAM 979 $aDILAM$b90$c20080730$lUSA01$h0954 996 $aMission archéologique française à Carthage$91016845 997 $aUNISA LEADER 01305nam2 22002891i 450 001 SUN0043831 005 20150422120503.954 010 $d0.00 100 $a20060407d2001 |0itac50 ba 101 $aita 102 $aIT 105 $a|||| ||||| 200 1 $aˆ<<‰Kypris>> 5$fGuido Della Valle$gpresentazione di Marcello Gigante 210 $aNapoli$cArte tipografica$d2001 215 $a1963-2306 p.$d24 cm. 461 1$1001SUN0043793$12001 $aKypris$eromanzo storico$fGuido Della Valle$gpresentazione di Marcello Gigante$1205 $aNapoli : Arte tipografica$b2001$1210 $d5 volumi ; 24 cm$1215 $aIn custodia. 620 $dNapoli$3SUNL000005 700 1$aDella Valle$b, Guido$3SUNV035483$076539 702 1$aGigante$b, Marcello$3SUNV032512 712 $aArte tipografica$3SUNV005007$4650 790 1$aGigante, Marcello <1923-2001>$zGigante, Marcello$3SUNV035488 801 $aIT$bSOL$c20181109$gRICA 912 $aSUN0043831 950 $aUFFICIO DI BIBLIOTECA DEL DIPARTIMENTO DI LETTERE E BENI CULTURALI$d07 CONS Zb Della Valle $e07 47789 542/V 995 $aUFFICIO DI BIBLIOTECA DEL DIPARTIMENTO DI LETTERE E BENI CULTURALI$bIT-CE0103$h47789$kCONS Zb Della Valle 542/V$oc$qa 996 $aKypris 5$91403548 997 $aUNICAMPANIA